000 00742nam a22002297i 4500
003 URS
005 20220114153000.0
008 160505b xxu||||| |||| 00| 0 eng d
020 _a971041341
040 _erda
_cURSP-College Library
_beng
050 _b301 B22s 2012
100 1 _aBanaag, Lee Mark T.
245 _aSocio-Anthro;
_bAn Intergrated and Interdisciplinary approach to the study of Society and Culture.
_cBanaag, Lee Mark T.
264 1 _aMandaluyong City
_bBooks Atbpages Publishing Corpages
_c2012.
300 _axvi, 200pages
_c25cm
336 _atext
_btxt
_2rdacontent
337 _aunmediated
_bn
_2rdamedia
338 _avolume
_bnc
_2rdacarrier
500 _aIncludes bibliography
650 0 _aSociology.
942 _2lcc
_cF
999 _c7952
_d7952